Hồ Chí Minh tuyển tập văn học
Sách gồm 3 tập tuyển tập các bài viết, bài nói của Chủ tịch Hồ Chí Minh về văn hóa, văn nghệ, báo chí.. từ những năm 20 của thế kỷ đến khi qua đời.
Gardado en:
| Autor Principal: | |
|---|---|
| Formato: | Libro |
| Idioma: | Undetermined |
| Publicado: |
Hà Nội
Văn Học
1999
|
| Những chủ đề: | |
| Các nhãn: |
Engadir etiqueta
Sen Etiquetas, Sexa o primeiro en etiquetar este rexistro!
|
| Thư viện lưu trữ: | Trung tâm Học liệu Trường Đại học Cần Thơ |
|---|
| LEADER | 00855nam a2200229Ia 4500 | ||
|---|---|---|---|
| 001 | CTU_39818 | ||
| 008 | 210402s9999 xx 000 0 und d | ||
| 020 | |b 43.500đ | ||
| 082 | |a 808 | ||
| 082 | |b M312/T.1 | ||
| 100 | |a Hồ, Chí Minh | ||
| 245 | 0 | |a Hồ Chí Minh tuyển tập văn học | |
| 245 | 0 | |c Hồ Chí Minh | |
| 260 | |a Hà Nội | ||
| 260 | |b Văn Học | ||
| 260 | |c 1999 | ||
| 520 | |a Sách gồm 3 tập tuyển tập các bài viết, bài nói của Chủ tịch Hồ Chí Minh về văn hóa, văn nghệ, báo chí.. từ những năm 20 của thế kỷ đến khi qua đời. | ||
| 650 | |a Vietnamese literature,Vietnamese literature | ||
| 650 | |x Collections | ||
| 650 | |y 20th century | ||
| 904 | |i Minh | ||
| 980 | |a Trung tâm Học liệu Trường Đại học Cần Thơ | ||